| 000 | 00362pab a2200145 454500 | ||
|---|---|---|---|
| 008 | 180718b1985 xxu||||| |||| 00| 0 eng d | ||
| 100 | _aSundaram, Satya | ||
| 245 | _aManagement of public sector in India | ||
| 260 | _c1985 | ||
| 300 | _a714-17,27 | ||
| 362 | _aMar. | ||
| 650 | _aGovernment Enterprise - India | ||
| 773 | _aChartered Accountant | ||
| 909 | _a9301 | ||
| 999 |
_c9301 _d9301 |
||